000 00428nam a22001817a 4500
003 MPLRDC
005 20220104163804.0
008 210129b ||||| |||| 00| 0 eng d
020 _a9971-65-546-2
082 _a427.1 LEE
100 _aLEE SOOK CHING
245 _aCOOK MALAYSIAN
_c
250 _aREPRINTED
260 _a
_bTIMES BOOKS INTERNATIONAL
_c1989
300 _b146
650 _aCOOKERY
942 _cBK
_o427.1 LEE
999 _c56639
_d56629